LEADER 01123nam2 22002893i 450 001 BRI0009708 005 20251003044047.0 010 $a8802034575 100 $a20050530d1980 ||||0itac50 ba 101 | $aita 102 $ait 181 1$6z01$ai $bxxxe 182 1$6z01$an 200 0 $a2$fGalileo Galilei 205 $a2. ed. riveduta e corretta 210 $aTorino$cUnione Tipografico-Editrice Torinese$d1980 215 $a851 p., [6] carte di tav.$cill.$d24 cm. 461 1$1001NAP0323965$12001 $aOpere di Galileo Galilei$fa cura di Franz Brunetti$v2 676 $a500$9SCIENZE NATURALI E MATEMATICA$v21 676 $a501$9SCIENZE NATURALI E MATEMATICA. FILOSOFIA E TEORIA$v21 801 3$aIT$bIT-000000$c20050530 850 $aIT-BN0095 $aIT-AV0007 $aIT-NA0079 $aIT-AV0045 912 $aBRI0009708 950 2$aBiblioteca Centralizzata di Ateneo$c14 v. (Alcuni in pił tomi)$d 01COLL. ITA CLADSC$e 01AR 0070032505 VMA (0008.2 v. 2$fB $h20250512$i20250512 977 $a 01$a AV$a BN$a MV 996 $a2$961340 997 $aUNISANNIO